| 000 | 00532 a2200169 4500 | ||
|---|---|---|---|
| 003 | NUST | ||
| 005 | 20251104155041.0 | ||
| 040 | _cNust | ||
| 082 | _a621.382,HUS | ||
| 100 |
_aHussain, Aftab (TE-47) _9131534 |
||
| 245 |
_aWireless Audio/Video Transmission and friend Or Enemy Recognition / _cCapt Aftab Hussain, Capt Jamal Umair Awan, Capt Muhammad Asif and Aamir Riaz (TE-47) |
||
| 260 |
_bRawalpindi _aMCS (NUST) _cJune 2014 |
||
| 300 | _a65 p.; | ||
| 650 |
_aUG Project _9131132 |
||
| 651 |
_aTE-47 _9131535 |
||
| 942 |
_cPR _2ddc |
||
| 999 |
_c212142 _d212142 |
||